Statistiques concernant Stade Rennais : les plus grosses ventes avant 2022/2023

Cliquez ici pour prendre le quiz!

Statistiques générales

  • Ce quiz a été pris 178 fois
  • Le résultat moyen est 7 sur 11

Statistiques - réponses

AnnéeDestinationPrixJoueur% Correct
2021Real Madrid31M€Camavinga
100%
2016Dortmund35M€Dembélé
99%
2019Watford30M€Sarr
90%
2020Chelsea24M€Mendy
86%
2020Leeds18,6M€Raphinha
83%
2018Séville13,5M€Gnagnon
57%
2004Chelsea13M€Cech
50%
2013Rubin Kazan12M€M'Vila
48%
2000Monaco20M€Nonda
35%
2009Marseille12M€Mbia
20%
2008Sunderland16M€Asamoah Gyan
15%

Distribution des résultats

Percentile par nombre de réponses

% des personnes avec chaque résultat

Votre développement - résultats

Vous n’avez pas pris ce quiz